ՀՀ Գիտությունների ազգային ակադեմիայի հիմնարար գիտական գրադարան  =   Fundamental Scientific Library of NAS RA

Декоративное убранство анийских карасов : (Record no. 134112)

MARC details
000 -LEADER
fixed length control field 00945nam a2200229 a 4500
001 - CONTROL NUMBER
control field 000350606
003 - CONTROL NUMBER IDENTIFIER
control field AM-YeHGA
005 - DATE AND TIME OF LATEST TRANSACTION
control field 20250617131328.0
008 - FIXED-LENGTH DATA ELEMENTS--GENERAL INFORMATION
fixed length control field 040712s1916 ai 000 | rus d
040 ## - CATALOGING SOURCE
Original cataloging agency AM-YeHGA
041 0# - LANGUAGE CODE
Language code of text/sound track or separate title rus
090 ## - LOCALLY ASSIGNED LC-TYPE CALL NUMBER (OCLC); LOCAL CALL NUMBER (RLIN)
-- 135479
100 1# - MAIN ENTRY--PERSONAL NAME
Personal name Чубинов, Г
245 10 - TITLE STATEMENT
Title Декоративное убранство анийских карасов :
Remainder of title ( Опыт классификации ) /
Statement of responsibility, etc. Г.Чубинов.
260 ## - PUBLICATION, DISTRIBUTION, ETC.
Place of publication, distribution, etc. Петроград :
Name of publisher, distributor, etc. Тип. Имп. Акад. наук,
Date of publication, distribution, etc. 1916.
300 ## - PHYSICAL DESCRIPTION
Extent ( 22-39 ) с. :
Other physical details 15 вкл. л. ил. ;
Dimensions 26 см.
500 ## - GENERAL NOTE
General note Отд. оттиск из Христианского Востока.Т.5, вып.1.
650 14 - SUBJECT ADDED ENTRY--TOPICAL TERM
Topical term or geographic name entry element Декоративное искусство Армении
General subdivision Карасы
Geographic subdivision Ани
650 14 - SUBJECT ADDED ENTRY--TOPICAL TERM
Topical term or geographic name entry element Археологические раскопки Ани
651 #4 - SUBJECT ADDED ENTRY--GEOGRAPHIC NAME
Geographic name Ани
710 2# - ADDED ENTRY--CORPORATE NAME
Corporate name or jurisdiction name as entry element Анийский музей древностей
Holdings
Withdrawn status Lost status Damaged status Not for loan Collection Home library Current library Date acquired Total checkouts Full call number Barcode Date last seen Price effective from Koha item type Public note
        General Fundamental Scientific Library Fundamental Scientific Library 22/12/2016   PIII/50051 FL0396995 22/12/2016 22/12/2016 Գրքեր / Books 30 Days Loan


ՀՀ ԳԱԱ հիմնարար գիտական գրադարան
ՀՀ,Երևան 0019
Մարշալ Բաղրամյան 24/6
հեռախոս:(374-10) 52-47-50
Հետադարձ կապ

All site content, except where otherwise noted, is licensed under a
Creative Commons License